[Event "Gatineau Premiers Flocons"]
[Site "Gatineau"]
[Date "2018.11.27"]
[Round "1"]
[White "Jobin, Gilles G"]
[Black "Piche, Guy"]
[Result "1/2-1/2"]
[WhiteElo "1767"]
[BlackElo "1606"]
[PlyCount "71"]
[EventDate "2018.11.27"]
[EventType "swiss"]
[EventRounds "4"]
[EventCountry "CAN"]
[SourceTitle "EXT 2022"]
[Source "ChessBase"]
[SourceDate "2021.10.06"]
[SourceVersion "1"]
[SourceVersionDate "2021.10.06"]
[SourceQuality "1"]

1. e4 e6 2. b3 d5 3. Bb2 Nf6 4. e5 Ng8 5. d4 c5 6. f4 Nc6 7. Nf3 Bd7 8. c3 cxd4 9. Nxd4 Bc5 10. Nxc6 Bxc6 11. Qg4 g6 12. Bd3 h5 13. Qe2 Nh6 14. b4 Be7 15. Na3 d4 16. Bb5 dxc3 17. Bxc3 Qc7 18. Rc1 Qb6 19. Bxc6+ bxc6 20. Nc4 Qb8 21. Qe4 0-0 22. Na5 c5 23. Nc6 Qb7 24. Nxe7+ Qxe7 25. bxc5 Qxc5 26. Bd2 Qb6 27. Rc6 Qb7 28. 0-0 Rac8 29. Rfc1 Rxc6 30. Qxc6 Qb2 31. Qc3 Rb8 32. Rc2 Qb1+ 33. Bc1 Rd8 34. h3 Nf5 35. Rd2 Qb6+ 36. Kh2 1/2-1/2

[Event "Gatineau Automne-A"]
[Site "Gatineau"]
[Date "2016.10.25"]
[Round "1"]
[White "Bastien, Andre"]
[Black "Piche, Guy"]
[Result "0-1"]
[WhiteElo "1864"]
[BlackElo "1607"]
[PlyCount "96"]
[EventDate "2016.10.25"]
[EventType "swiss"]
[EventRounds "5"]
[EventCountry "CAN"]
[SourceTitle "EXT 2022"]
[Source "ChessBase"]
[SourceDate "2021.10.06"]
[SourceVersion "1"]
[SourceVersionDate "2021.10.06"]
[SourceQuality "1"]

1. d4 e6 2. c4 f5 3. e4 g6 4. Nc3 Bg7 5. Nf3 b6 6. Be2 fxe4 7. Nxe4 Bb7 8. Qc2 Nf6 9. Nxf6+ Qxf6 10. Bg5 Qf7 11. 0-0-0 0-0 12. h4 Nc6 13. a3 Qf5 14. Bd3 Qg4 15. Rh2 Nxd4 16. Nxd4 Bxd4 17. f3 Qg3 18. Rh3 Qf2 19. Qxf2 Bxf2 20. Bh6 Rf7 21. h5 gxh5 22. Rxh5 Kh8 23. Bd2 d6 24. Bc3+ e5 25. Bd2 Re8 26. Bg6 Ree7 27. Rdh1 Rg7 28. Bg5 Be3+ 29. Bxe3 Rxg6 30. Bg5 Rf7 31. R1h3 Kg8 32. Bd2 Rxg2 33. f4 Be4 34. b3 exf4 35. R5h4 Rg1+ 36. Kb2 Bg2 37. Rh2 f3 38. Be3 f2 39. Rg4+ Kf8 40. Bxf2 Rxf2+ 41. Kc3 Rf3+ 42. Kd2 Rxb3 43. Rxh7 Rxa3 44. Kc2 Re3 45. Kd2 Ra3 46. Rxc7 Rga1 47. Rgg7 R1a2+ 48. Kc1 Rf3 0-1

[Event "Gatineau Rentree-B"]
[Site "Gatineau"]
[Date "2016.09.27"]
[Round "3"]
[White "Piche, Guy"]
[Black "Berthiaume, Serge"]
[Result "1-0"]
[WhiteElo "1579"]
[BlackElo "1463"]
[PlyCount "93"]
[EventDate "2016.09.13"]
[EventType "swiss"]
[EventRounds "5"]
[EventCountry "CAN"]
[SourceTitle "EXT 2022"]
[Source "ChessBase"]
[SourceDate "2021.10.06"]
[SourceVersion "1"]
[SourceVersionDate "2021.10.06"]
[SourceQuality "1"]

1. e4 g6 2. d4 Bg7 3. Nf3 c5 4. c3 Nc6 5. Be3 cxd4 6. Nxd4 Nf6 7. Bd3 d6 8. 0-0 Ng4 9. Nxc6 bxc6 10. Bd4 e5 11. Be3 Nxe3 12. fxe3 Qb6 13. Qd2 0-0 14. Na3 d5 15. Kh1 Bh6 16. Rae1 Be6 17. b3 a6 18. Qe2 a5 19. exd5 cxd5 20. e4 Bg7 21. exd5 Bxd5 22. Nc4 Bxc4 23. Bxc4 Ra7 24. Rd1 Re7 25. Qe4 Rd8 26. Rd5 Rxd5 27. Qxd5 Qc7 28. Rd1 e4 29. Qa8+ Bf8 30. Rd8 Qf4 31. Rxf8+ Kg7 32. Rg8+ Kh6 33. Qf8+ Kg5 34. Qxe7+ f6 35. Qc5+ Kh6 36. Qg1 Qd2 37. Qf1 Qxc3 38. g3 Qe3 39. Be6 Kg5 40. Rf8 f5 41. Kg2 Qd2+ 42. Qf2 Qd6 43. h4+ Kh5 44. Qe2+ Kh6 45. Qe3+ Kg7 46. Rf7+ Kh8 47. Qc3+ 1-0

[Event "Quebec op U1700"]
[Site "Montreal"]
[Date "2016.07.29"]
[Round "8.60"]
[White "Moreau, Michel"]
[Black "Piche, Guy"]
[Result "1/2-1/2"]
[WhiteElo "1428"]
[BlackElo "1649"]
[PlyCount "45"]
[EventDate "2016.07.23"]
[EventType "swiss"]
[EventRounds "8"]
[EventCountry "CAN"]
[SourceTitle "EXT 2022"]
[Source "ChessBase"]
[SourceDate "2021.10.06"]
[SourceVersion "1"]
[SourceVersionDate "2021.10.06"]
[SourceQuality "1"]

1. d4 f5 2. Nf3 Nf6 3. Bf4 e6 4. e3 b6 5. Be2 Bb7 6. 0-0 Be7 7. h3 0-0 8. Nbd2 Bd6 9. Ne5 Bxe5 10. Bxe5 d6 11. Bf4 Nbd7 12. Nf3 Qe8 13. Bc4 Kh8 14. Bh2 Rd8 15. Ng5 Qg6 16. Nf3 Ne4 17. Kh1 Ng5 18. Nxg5 Qxg5 19. Rg1 Rf6 20. Be2 Rg6 21. Bf3 Be4 22. Bf4 Qh4 23. Bg3 1/2-1/2

[Event "Gatineau Outaouais op U1900"]
[Site "Gatineau"]
[Date "2014.06.??"]
[Round "4"]
[White "Piche, Guy"]
[Black "Raymond, Daniel"]
[Result "0-1"]
[WhiteElo "1652"]
[BlackElo "1621"]
[PlyCount "98"]
[EventDate "2014.06.??"]
[EventType "swiss"]
[EventRounds "5"]
[EventCountry "CAN"]
[SourceTitle "EXT 2022"]
[Source "ChessBase"]
[SourceDate "2021.10.06"]
[SourceVersion "1"]
[SourceVersionDate "2021.10.06"]
[SourceQuality "1"]

1. f4 d5 2. b3 Nf6 3. e3 e6 4. Bb2 Be7 5. Nf3 Nbd7 6. Be2 c5 7. 0-0 a6 8. a4 b6 9. Ne5 Bb7 10. Bf3 0-0 11. d3 Qc7 12. Nd2 Bd6 13. d4 Rac8 14. c4 cxd4 15. exd4 Bb4 16. Rc1 Qd8 17. Qe2 Re8 18. Rc2 Nxe5 19. fxe5 Nd7 20. Qf2 f5 21. exf6 Nxf6 22. Be2 Rf8 23. Qh4 Bxd2 24. Rxd2 Ne4 25. Qxd8 Rcxd8 26. Rc2 Rc8 27. Bg4 Rxf1+ 28. Kxf1 Kf7 29. Bf3 dxc4 30. bxc4 Rxc4 31. Bxe4 Bxe4 32. Rxc4 Bd3+ 33. Kf2 Bxc4 34. Bc3 a5 35. Ke3 Bb3 36. Kf4 Bxa4 37. Ke5 Bb3 38. Kd6 a4 39. Bb2 b5 40. Kd7 g5 41. Ba3 Kg6 42. Ke7 Kf5 43. Kf8 Ke4 44. Kg7 Kxd4 45. Kxh7 e5 46. Kg6 g4 47. Kf5 e4 48. Kf4 Kd3 49. Bc5 Kc4 0-1

[Event "Outaouais-ch reserve"]
[Site "Gatineau"]
[Date "2014.05.13"]
[Round "5"]
[White "Piche, Guy"]
[Black "Simard, Paul"]
[Result "1-0"]
[WhiteElo "1704"]
[BlackElo "1128"]
[PlyCount "61"]
[EventDate "2014.04.14"]
[EventType "swiss"]
[EventRounds "6"]
[EventCountry "CAN"]
[SourceTitle "EXT 2022"]
[Source "ChessBase"]
[SourceDate "2021.10.06"]
[SourceVersion "1"]
[SourceVersionDate "2021.10.06"]
[SourceQuality "1"]

1. f4 e6 2. Nf3 Nc6 3. e3 d5 4. Bb5 Bd7 5. b3 Nf6 6. Bb2 Bd6 7. 0-0 0-0 8. Bxc6 Bxc6 9. Nc3 a6 10. Ne2 Bb5 11. Ne5 c5 12. Rf3 Ne4 13. d3 f6 14. Ng4 f5 15. Nh6+ gxh6 16. dxe4 Rf7 17. Rg3+ Kf8 18. exd5 exd5 19. Nc3 d4 20. Nxb5 axb5 21. Qh5 Ke7 22. Qxh6 Qh8 23. exd4 Rg8 24. Re1+ Kd7 25. Qe6+ Kc7 26. Qxf7+ Kb6 27. Rxg8 Qxg8 28. Qxg8 cxd4 29. Bxd4+ Kc6 30. Qe6 Kc7 31. Be5 1-0

[Event "Outaouais-ch reserve"]
[Site "Gatineau"]
[Date "2014.04.14"]
[Round "1"]
[White "Piche, Guy"]
[Black "Pilon, Robert"]
[Result "1/2-1/2"]
[WhiteElo "1704"]
[BlackElo "1393"]
[PlyCount "93"]
[EventDate "2014.04.14"]
[EventType "swiss"]
[EventRounds "6"]
[EventCountry "CAN"]
[SourceTitle "EXT 2022"]
[Source "ChessBase"]
[SourceDate "2021.10.06"]
[SourceVersion "1"]
[SourceVersionDate "2021.10.06"]
[SourceQuality "1"]

1. f4 d5 2. Nf3 Nf6 3. e3 Bg4 4. b3 e6 5. Bb2 c5 6. Bb5+ Nc6 7. 0-0 Be7 8. d3 0-0 9. Bxc6 bxc6 10. Nbd2 Qc7 11. Qe1 Rad8 12. Ne5 Bh5 13. h3 Nd7 14. Qg3 Bf6 15. Nxd7 Bxb2 16. Nxf8 Bxa1 17. Nxe6 fxe6 18. Rxa1 Qa5 19. Qf2 Qc3 20. Re1 Qxc2 21. Qh4 Rf8 22. Qxh5 Qxd2 23. Qe2 Qc3 24. Rb1 Qb4 25. Rc1 Rb8 26. Qc2 Rb5 27. d4 g6 28. dxc5 a5 29. Qc3 Qe4 30. a3 Kf7 31. Rd1 h6 32. Kf2 Rb8 33. Rd4 Qb1 34. Qxa5 Qxb3 35. Rb4 Qc2+ 36. Kg3 Rxb4 37. Qxb4 Qe2 38. Qd4 Qe1+ 39. Kh2 Qe2 40. a4 Qe1 41. Qe5 Qa5 42. Qd4 Qe1 43. Qe5 Qa5 44. Qd4 Qe1 45. Qd3 Qa5 46. Qa3 Kf6 47. Qb2+ 1/2-1/2

[Event "Gatineau CC-ch semi rapid"]
[Site "Gatineau"]
[Date "2014.03.25"]
[Round "1"]
[White "Piche, Guy"]
[Black "Berthiaume, Serge"]
[Result "1-0"]
[WhiteElo "1694"]
[BlackElo "1318"]
[PlyCount "54"]
[EventDate "2014.03.25"]
[EventType "swiss (rapid)"]
[EventRounds "6"]
[EventCountry "CAN"]
[SourceTitle "EXT 2022"]
[Source "ChessBase"]
[SourceDate "2021.10.06"]
[SourceVersion "1"]
[SourceVersionDate "2021.10.06"]
[SourceQuality "1"]

1. d4 Nf6 2. Nf3 g6 3. e3 Bg7 4. Bd3 0-0 5. 0-0 d5 6. c4 Bg4 7. Nbd2 c5 8. dxc5 Nc6 9. Qc2 Nb4 10. Qb3 Nxd3 11. Qxd3 Bf5 12. Qb3 dxc4 13. Nxc4 Qc7 14. Qb4 Nd5 15. Qb5 Bd7 16. Qb3 Rab8 17. e4 Nf4 18. Bxf4 Qxf4 19. e5 Be6 20. Rac1 Rfc8 21. Qe3 Qxe3 22. Nxe3 Bxa2 23. b4 Be6 24. Ra1 a6 25. Rfd1 Rd8 26. Kf1 Bd7 27. Ke1 Bb5 1-0

[Event "Gatineau Loisirs"]
[Site "Gatineau"]
[Date "2013.10.29"]
[Round "3"]
[White "Groleau, Gilles"]
[Black "Piche, Guy"]
[Result "1-0"]
[WhiteElo "1932"]
[BlackElo "1745"]
[PlyCount "125"]
[EventDate "2013.10.15"]
[EventType "swiss"]
[EventRounds "4"]
[EventCountry "CAN"]
[SourceTitle "EXT 2022"]
[Source "ChessBase"]
[SourceDate "2021.10.06"]
[SourceVersion "1"]
[SourceVersionDate "2021.10.06"]
[SourceQuality "1"]

1. e4 e5 2. Nf3 Nc6 3. Bb5 Nf6 4. Qe2 d6 5. 0-0 Bd7 6. c3 Be7 7. d4 exd4 8. cxd4 0-0 9. d5 Ne5 10. Nxe5 dxe5 11. Bxd7 Qxd7 12. Nc3 a6 13. f4 Bd6 14. f5 h6 15. g4 c6 16. g5 hxg5 17. Bxg5 Nh7 18. Bh4 g5 19. Qg4 f6 20. Kh1 c5 21. Rf3 Qg7 22. Rg1 Rf7 23. Bf2 b5 24. Be3 Kf8 25. h4 Qh6 26. Rh3 Qg7 27. hxg5 Nxg5 28. Bxg5 fxg5 29. Qxg5 Qxg5 30. Rxg5 Ke7 31. Rg6 Rb8 32. Rhh6 Rb6 33. Kg2 a5 34. Re6+ Kd7 35. a4 Rg7+ 36. Kf3 bxa4 37. Nxa4 Rb3+ 38. Kf2 Bf8 39. Rb6 Rb4 40. Rxb4 axb4 41. Nb6+ Kc7 42. Rc6+ Kb7 43. Nc4 Rg4 44. Kf3 Rf4+ 45. Ke3 Rh4 46. Nxe5 Bh6+ 47. Kd3 Bf4 48. Nc4 Rh3+ 49. Ke2 Bc1 50. f6 Bxb2 51. Nxb2 Rh2+ 52. Kf1 Rxb2 53. f7 Rb1+ 54. Kg2 Rb2+ 55. Kg3 Rb3+ 56. Kg4 Rb1 57. Rf6 Rg1+ 58. Kf5 Rf1+ 59. Ke6 Rxf6+ 60. Kxf6 b3 61. f8Q b2 62. Qg7+ Kb6 63. Qg1 1-0

[Event "Gatineau Loisirs"]
[Site "Gatineau"]
[Date "2013.10.15"]
[Round "1"]
[White "Sabourin, Yves"]
[Black "Piche, Guy"]
[Result "0-1"]
[WhiteElo "1491"]
[BlackElo "1745"]
[PlyCount "108"]
[EventDate "2013.10.15"]
[EventType "swiss"]
[EventRounds "4"]
[EventCountry "CAN"]
[SourceTitle "EXT 2022"]
[Source "ChessBase"]
[SourceDate "2021.10.06"]
[SourceVersion "1"]
[SourceVersionDate "2021.10.06"]
[SourceQuality "1"]

1. d4 f5 2. c4 e6 3. Nf3 Nf6 4. Nc3 Bb4 5. a3 Bxc3+ 6. bxc3 Ne4 7. Qc2 0-0 8. e3 b6 9. Bd3 Bb7 10. a4 Nc6 11. d5 exd5 12. cxd5 Ne7 13. c4 Nc5 14. Ba3 Nxd3+ 15. Qxd3 Rf6 16. 0-0 a5 17. Rfe1 Qe8 18. e4 d6 19. e5 Rh6 20. exd6 cxd6 21. Qe3 Kf8 22. Qxb6 Qd7 23. Qb5 Qc7 24. Qb3 Ba6 25. Rac1 Rb8 26. Qc3 Rc8 27. c5 Nxd5 28. Qd4 Nb4 29. cxd6 Qxd6 30. Bxb4 axb4 31. Rxc8+ Bxc8 32. Rb1 Qxd4 33. Nxd4 Rb6 34. Nb5 Rc6 35. Kf1 b3 36. Rxb3 Rc1+ 37. Ke2 Ra1 38. Ra3 Rb1 39. Nc3 Rb4 40. a5 Ba6+ 41. Ke3 Ke8 42. Ra4 Rb3 43. Kd4 Kd7 44. Nd5 Kd6 45. Nb4 Bb5 46. a6 Bxa4 47. a7 Rxb4+ 48. Kc3 Bc6 49. Kxb4 Bxg2 50. Kc4 Ke5 51. Kc5 Kf4 52. Kd6 g5 53. h3 h5 54. Ke6 h4 0-1

[Event "Gatineau TORO U1900"]
[Site "Gatineau"]
[Date "2013.06.07"]
[Round "1"]
[White "Arsenault, Yves"]
[Black "Piche, Guy"]
[Result "0-1"]
[WhiteElo "1543"]
[BlackElo "1750"]
[PlyCount "120"]
[EventDate "2013.06.07"]
[EventType "swiss"]
[EventRounds "5"]
[EventCountry "CAN"]
[SourceTitle "EXT 2022"]
[Source "ChessBase"]
[SourceDate "2021.10.06"]
[SourceVersion "1"]
[SourceVersionDate "2021.10.06"]
[SourceQuality "1"]

1. e4 e5 2. Nf3 d6 3. Nc3 Be6 4. d4 exd4 5. Nxd4 Bd7 6. Bc4 Nf6 7. 0-0 Be7 8. f4 0-0 9. h3 c6 10. e5 Ne8 11. e6 fxe6 12. Bxe6+ Bxe6 13. Nxe6 Qb6+ 14. Qd4 Qxd4+ 15. Nxd4 Nc7 16. Bd2 Nd7 17. Rae1 Bf6 18. Ne6 Nxe6 19. Rxe6 d5 20. b3 Rae8 21. Rfe1 Rxe6 22. Rxe6 Bxc3 23. Bxc3 Rxf4 24. Re7 Rf7 25. Re8+ Nf8 26. a4 h6 27. Bd4 b6 28. g3 c5 29. Be5 Rd7 30. Kf2 Kf7 31. Rc8 Ng6 32. Bc3 d4 33. Bd2 Ne7 34. Rb8 Nd5 35. Kf3 Re7 36. a5 bxa5 37. Bxa5 Ne3 38. c4 Ke6 39. Rc8 Kd6 40. Ra8 Rd7 41. Rb8 Nc2 42. Bd2 Kc6 43. Re8 Kb6 44. Bf4 Kc6 45. Rc8+ Kb6 46. Rb8+ Rb7 47. Rd8 Re7 48. Rd6+ Kb7 49. Rd5 Rf7 50. Ke4 Re7+ 51. Be5 Kb6 52. Kf3 Ne3 53. Rd6+ Ka5 54. Ke4 Kb4 55. Rc6 Nc2 56. Kd5 Na1 57. Rxc5 Rxe5+ 58. Kxe5 Kxc5 59. Ke4 Nxb3 60. Kd3 Na5 0-1

[Event "Gatineau Commanditaires"]
[Site "Gatineau"]
[Date "2013.03.12"]
[Round "3"]
[White "Piche, Guy"]
[Black "Traversy, Pierre"]
[Result "1-0"]
[WhiteElo "1556"]
[BlackElo "1129"]
[PlyCount "85"]
[EventDate "2013.02.26"]
[EventType "swiss"]
[EventRounds "4"]
[EventCountry "CAN"]
[SourceTitle "EXT 2022"]
[Source "ChessBase"]
[SourceDate "2021.10.06"]
[SourceVersion "1"]
[SourceVersionDate "2021.10.06"]
[SourceQuality "1"]

1. f4 d5 2. e3 Nf6 3. Nf3 Nc6 4. Bb5 Bg4 5. b3 e6 6. Bb2 Bd6 7. 0-0 a6 8. Bxc6+ bxc6 9. d3 c5 10. Nbd2 c6 11. Qe1 Qa5 12. Qc1 Nh5 13. Ne5 Bxe5 14. Bxe5 f6 15. Bb2 0-0 16. h3 Bxh3 17. gxh3 Qb6 18. c4 Qd8 19. Nf3 a5 20. Qe1 Qe8 21. Kh2 Ra7 22. Rg1 Rff7 23. Qh4 Rfe7 24. Bxf6 Nxf6 25. Qxf6 Rf7 26. Qh4 Rf5 27. Ng5 Rxg5 28. Rxg5 a4 29. Rag1 Rf7 30. Qh6 Qf8 31. Rh5 Re7 32. Qxh7+ Kf7 33. Qg6+ Kg8 34. Re5 Qf7 35. Qxf7+ Kxf7 36. f5 Kf6 37. Rxe6+ Rxe6 38. fxe6 dxc4 39. bxc4 a3 40. e7 Kxe7 41. Rxg7+ Ke6 42. h4 Kf6 43. Rg3 1-0

[Event "Gatineau Commanditaires"]
[Site "Gatineau"]
[Date "2013.02.26"]
[Round "1"]
[White "Jobin, Gilles G"]
[Black "Piche, Guy"]
[Result "1-0"]
[WhiteElo "1816"]
[BlackElo "1556"]
[PlyCount "53"]
[EventDate "2013.02.26"]
[EventType "swiss"]
[EventRounds "4"]
[EventCountry "CAN"]
[SourceTitle "EXT 2022"]
[Source "ChessBase"]
[SourceDate "2021.10.06"]
[SourceVersion "1"]
[SourceVersionDate "2021.10.06"]
[SourceQuality "1"]

1. Nf3 f5 2. d4 e6 3. g3 b6 4. Bg2 Bb7 5. 0-0 Nf6 6. c4 c5 7. Nc3 cxd4 8. Nxd4 Bxg2 9. Kxg2 Be7 10. Bf4 0-0 11. Ncb5 Ne8 12. Nf3 d6 13. Qd2 a6 14. Nc3 Nc6 15. Nd5 Rc8 16. Nxe7+ Qxe7 17. Rad1 Rd8 18. Qc3 Rd7 19. Qa3 a5 20. Qa4 Na7 21. Rd3 h6 22. Rfd1 g5 23. Be3 Nc8 24. Ne5 Qg7 25. Nxd7 Rf7 26. Nxb6 Nxb6 27. Qxe8+ 1-0